LEADER 01691nam0 22003853i 450 001 VAN00274687 005 20251118033117.249 017 70$2N$a9783031315237 100 $a20240410d2023 |0itac50 ba 101 $aeng 102 $aCH 105 $a|||| ||||| 181 $ai$b e 182 $ab 183 $acr 200 1 $aEndolysosomal Voltage-Dependent Cation Channels$feditors Christian Wahl-Schott, Martin Biel 210 $aCham$cSpringer$d2023 215 $aX, 304 p.$cill.$d24 cm 410 1$1001VAN00271316$12001 $aHandbook of Experimental Pharmacology$1210 $aCham$cSpringer$d1957-$v278 620 $aCH$dCham$3VANL001889 676 $a571$cFisiologia. Processi biologici interni nelle piante e negli animali$v22 676 $a615.1$cFarmacologia. Farmaci. Farmacia$v22 676 $a615.9$cTossicologia$v22 676 $a571.6$cBiologia cellulare$v22 702 1$aBiel$bMartin$3VANV227134 702 1$aWahl-Schott$bChristian$3VANV227133 712 $aSpringer $3VANV108073$4650 801 $aIT$bSOL$c20251121$gRICA 856 4 $uhttps://link.springer.com/book/10.1007/978-3-031-31523-7$zE-book - Accesso al full-text attraverso riconoscimento IP di Ateneo, proxy e/o Shibboleth 899 $aBIBLIOTECA DEL DIPARTIMENTO DI SCIENZE E TECNOLOGIE AMBIENTALI BIOLOGICHE E FARMACEUTICHE$1IT-CE0101$2VAN17 912 $fN 912 $aVAN00274687 950 $aBIBLIOTECA DEL DIPARTIMENTO DI SCIENZE E TECNOLOGIE AMBIENTALI BIOLOGICHE E FARMACEUTICHE$d17CONS e-book 2309 $e17BIB2309/281 281 20240410 996 $aEndolysosomal Voltage-Dependent Cation Channels$93359843 997 $aUNICAMPANIA